Biochemistry / (Record no. 23665)

MARC details
000 -LEADER
fixed length control field 00774nam a22002177a 4500
008 - FIXED-LENGTH DATA ELEMENTS--GENERAL INFORMATION
fixed length control field 090213t xxu||||| |||| 00| 0 eng d
010 ## - LCCN (DPL NO)
LC control number ENG-92976
020 ## - INTERNATIONAL STANDARD BOOK NUMBER
Terms of availability 150.00
International Standard Book Number 9788190756303
035 ## - SYSTEM CONTROL NUMBER
System control number EN-76509
037 ## - SOURCE OF ACQUISITION
Source of stock number/acquisition DBAD / PUB
040 ## - CATALOGING SOURCE
Original cataloging agency dpl
Language of cataloging English
082 ## - DEWEY DECIMAL CLASSIFICATION NUMBER
Classification number 572
100 ## - MAIN ENTRY--PERSONAL NAME
Personal name Malarvili, T.
245 ## - TITLE STATEMENT
Title Biochemistry /
Statement of responsibility, etc by T. Malarvili
260 ## - PUBLICATION, DISTRIBUTION, ETC. (IMPRINT)
Place of publication, distribution, etc Tamil Nadu
Name of publisher, distributor, etc Kamaraj Publications
Date of publication, distribution, etc 2007
270 ## - ADDRESS
Address 14/135, Kamaraj Street, Agasteeswaram (Post) Kanniyakumari District,
City Tamil Nadu
300 ## - PHYSICAL DESCRIPTION
Extent vii, 179p.
Dimensions 20cm (pbk)
650 ## - SUBJECT ADDED ENTRY--TOPICAL TERM
Topical term or geographic name as entry element Biochemistry.
942 ## - ADDED ENTRY ELEMENTS (KOHA)
Source of classification or shelving scheme Dewey Decimal Classification
Item type English Books
Call number suffix MAL
Classification part 572
Holdings
Withdrawn status Lost status Source of classification or shelving scheme Damaged status Not for loan Collection code Home library Current library Date acquired Source of acquisition Cost, normal purchase price Total Checkouts Full call number Barcode Date last seen Copy number Cost, replacement price Koha item type
    Dewey Decimal Classification   Not For Loan Non-fiction D.B.Act.Division D.B.Act.Division 13/02/2009 DBAD / PUB 150.00   572 MAL EN-76509 13/02/2009 1 150.00 English Books

© Delhi Public Library
Hit Counter
free hit counter